| 000 -ლიდერი |
| ფიქსირებული სიგრძის საკონტროლო ველი |
02607nam a22002657a 4500 |
| 003 - საკონტროლო ნომრის იდენტიფიკატორი |
| საკონტროლო ველი |
Ge_BSU |
| 005 - ბოლო ოპერაციის თარიღი და დრო |
| საკონტროლო ველი |
20221221135247.0 |
| 008 - ფიქსირებული სიგრძის მონაცემთა ელემენტები - ზოგადი ინფორმაცია |
| ფიქსირებული სიგრძის საკონტროლო ველი |
210603s2021 ge ||||| |||| 00| 0 geo d |
| 041 ## - ენის კოდი |
| Language code of text/sound track or separate title |
geo |
| 080 ## - უნივერსალური ათობითი კლასიფიკაციის ინდექსი |
| Universal Decimal Classification number |
58 კ-22 |
| 100 ## - მთავარი ჩანაწერი - პიროვნების სახელი |
| Personal name |
კანდელაკი, მარიამ |
| 9 (RLIN) |
5605 |
| 245 ## - ცნობა სათაურის შესახებ |
| Title |
შქერის გვარის (Rhododendron L.) ინტროდუცირებული და ადგილობრივი სახეობების ბიოეკოლოგიური თავისებურებები აჭარის ზღვისპირეთის პირობებში / |
| Statement of responsibility, etc |
მარიამ კანდელაკი; სამეცნიერო ხელმძღვანელი მარიამ მეტრეველი, ივან ვოლოდკო; ბათუმის შოთა რუსთაველის სახელმწიფო უნივერსიტეტი. საბუნებისმეტყველო მეცნიერებათა და ჯანდაცვის ფაკულტეტი. ბიოლოგიის დეპარტამენტი. |
| 264 ## - წარმოების, გამოცემის, დისტრიბუციის და სხვა ცნობები |
| გამოცემის, წარმოების, დისტრიბუციის... ადგილი |
ბათუმი, |
| გამოცემის, წარმოების, დისტრიბუციის... თარიღი |
2021. |
| 300 ## - ფიზიკური აღწერა |
| Extent |
169 გვ. |
| Other physical details |
ცხრ. |
| Dimensions |
30 სმ. |
| 501 ## - შენიშვნა თანმხლებ მასალაზე |
| With note |
დანართი გვ. 147-158 |
| 504 ## - BIBLIOGRAPHY, ETC. NOTE |
| Bibliography, etc |
ბიბლიოგრ. გვ. 134-146 |
| 653 ## - INDEX TERM--UNCONTROLLED |
| Uncontrolled term |
შქერის გვარის (Rhododendron L.) ინტროდუცირებული და ადგილობრივი სახეობების ბიოეკოლოგიური თავისებურებები აჭარის ზღვისპირეთის პირობებში |
| 653 ## - INDEX TERM--UNCONTROLLED |
| Uncontrolled term |
მცენარეთა ბიომრავალფეროვნება |
| 653 ## - INDEX TERM--UNCONTROLLED |
| Uncontrolled term |
დისერტაცია |
| 653 ## - INDEX TERM--UNCONTROLLED |
| Uncontrolled term |
ბიოლოგია |
| 700 ## - ADDED ENTRY--PERSONAL NAME |
| Personal name |
მეტრეველი, მარიამ |
| Relator term |
სამეცნიერო ხელმძღვანელი |
| 9 (RLIN) |
2890 |
| 700 ## - ADDED ENTRY--PERSONAL NAME |
| Personal name |
ვოლოდკო, ივან |
| Relator term |
სამეცნიერო ხელმძღვანელი |
| 9 (RLIN) |
11950 |
| 710 ## - ADDED ENTRY--CORPORATE NAME |
| Corporate name or jurisdiction name as entry element |
ბათუმის შოთა რუსთაველის სახელმწიფო უნივერსიტეტი. |
| Subordinate unit |
საბუნებისმეტყველო მეცნიერებათა და ჯანდაცვის ფაკულტეტი. ბიოლოგიის დეპარტამენტი |
| 9 (RLIN) |
10400 |
| 942 ## - ADDED ENTRY ELEMENTS (KOHA) |
| Source of classification or shelving scheme |
|
| Koha item type |
დისერტაცია |